Professional services automation (PSA) : (Record no. 19041)
[ view plain ]
| 000 -LEADER | |
|---|---|
| fixed length control field | 01553cam a22003374a 4500 |
| 001 - CONTROL NUMBER | |
| control field | 12728705 |
| 003 - CONTROL NUMBER IDENTIFIER | |
| control field | OSt |
| 005 - DATE AND TIME OF LATEST TRANSACTION | |
| control field | 20170114123531.0 |
| 008 - FIXED-LENGTH DATA ELEMENTS--GENERAL INFORMATION | |
| fixed length control field | 020403s2002 nyua 001 0 eng |
| 010 ## - LIBRARY OF CONGRESS CONTROL NUMBER | |
| LC control number | 2002005234 |
| 020 ## - INTERNATIONAL STANDARD BOOK NUMBER | |
| International Standard Book Number | 0471230189 |
| 035 ## - SYSTEM CONTROL NUMBER | |
| System control number | (OCoLC)ocm49727577 |
| 040 ## - CATALOGING SOURCE | |
| Original cataloging agency | DLC |
| Transcribing agency | DLC |
| Modifying agency | IXA |
| -- | C#P |
| -- | PMIPA |
| -- | DLC |
| 042 ## - AUTHENTICATION CODE | |
| Authentication code | pcc |
| 050 00 - LIBRARY OF CONGRESS CALL NUMBER | |
| Classification number | HD69.P75 |
| Item number | M45 2002 |
| 082 00 - DEWEY DECIMAL CLASSIFICATION NUMBER | |
| Classification number | 658/.05 |
| Edition number | 21 |
| 100 1# - MAIN ENTRY--PERSONAL NAME | |
| Personal name | Melik, Rudolf. |
| 245 10 - TITLE STATEMENT | |
| Title | Professional services automation (PSA) : |
| Remainder of title | optimizing project & service oriented organizations / |
| Statement of responsibility, etc. | Rudolf Melik ; Ludwig Melik ... [et al.]. |
| 260 ## - PUBLICATION, DISTRIBUTION, ETC. (IMPRINT) | |
| Place of publication, distribution, etc. | New York : |
| Name of publisher, distributor, etc. | J. Wiley & Sons, |
| Date of publication, distribution, etc. | c2002. |
| 300 ## - PHYSICAL DESCRIPTION | |
| Extent | xxii, 405 p. : |
| Other physical details | ill. ; |
| Dimensions | 24 cm. |
| 500 ## - GENERAL NOTE | |
| General note | Includes index. |
| 650 #0 - SUBJECT ADDED ENTRY--TOPICAL TERM | |
| Topical term or geographic name as entry element | Project management |
| General subdivision | Automation. |
| 650 #0 - SUBJECT ADDED ENTRY--TOPICAL TERM | |
| Topical term or geographic name as entry element | Project management |
| General subdivision | Data processing. |
| 650 #7 - SUBJECT ADDED ENTRY--TOPICAL TERM | |
| Topical term or geographic name as entry element | Project Management (PM) |
| General subdivision | Automation. |
| Source of heading or term | pmbok |
| 650 #7 - SUBJECT ADDED ENTRY--TOPICAL TERM | |
| Topical term or geographic name as entry element | Project Management (PM) |
| General subdivision | Data processing. |
| Source of heading or term | pmbok |
| 700 1# - ADDED ENTRY--PERSONAL NAME | |
| Personal name | Melik, Ludwig. |
| 856 42 - ELECTRONIC LOCATION AND ACCESS | |
| Materials specified | Contributor biographical information |
| Uniform Resource Identifier | <a href="http://www.loc.gov/catdir/bios/wiley044/2002005234.html">http://www.loc.gov/catdir/bios/wiley044/2002005234.html</a> |
| 856 42 - ELECTRONIC LOCATION AND ACCESS | |
| Materials specified | Publisher description |
| Uniform Resource Identifier | <a href="http://www.loc.gov/catdir/description/wiley037/2002005234.html">http://www.loc.gov/catdir/description/wiley037/2002005234.html</a> |
| 856 41 - ELECTRONIC LOCATION AND ACCESS | |
| Materials specified | Table of contents |
| Uniform Resource Identifier | <a href="http://www.loc.gov/catdir/toc/wiley022/2002005234.html">http://www.loc.gov/catdir/toc/wiley022/2002005234.html</a> |
| 906 ## - LOCAL DATA ELEMENT F, LDF (RLIN) | |
| a | 7 |
| b | cbc |
| c | orignew |
| d | 1 |
| e | ecip |
| f | 20 |
| g | y-gencatlg |
| 942 ## - ADDED ENTRY ELEMENTS (KOHA) | |
| Source of classification or shelving scheme | |
| Koha item type | Hard Covered Materials |
| Classification part | HD 69 .P75M4 2002 |
| Withdrawn status | Lost status | Source of classification or shelving scheme | Damaged status | Not for loan | Home library | Current library | Shelving location | Date acquired | Source of acquisition | Total Checkouts | Full call number | Barcode | Date last seen | Price effective from | Koha item type |
|---|---|---|---|---|---|---|---|---|---|---|---|---|---|---|---|
| MACHAKOS UNIVERSITY LIBRARY | MACHAKOS UNIVERSITY LIBRARY | Technical section | 14/01/2017 | Donation (BFA) | HD 69 .P75M4 2002 | 29910 | 07/08/2018 | 14/01/2017 | Hard Covered Materials | ||||||
| MACHAKOS UNIVERSITY LIBRARY | MACHAKOS UNIVERSITY LIBRARY | Technical section | 14/01/2017 | Donation (BFA) | HD 69 .P75M4 2002 | 29919 | 13/07/2018 | 14/01/2017 | Hard Covered Materials | ||||||
| MACHAKOS UNIVERSITY LIBRARY | MACHAKOS UNIVERSITY LIBRARY | Technical section | 14/01/2017 | Donation (BFA) | HD 69 .P75M4 2002 | 29914 | 25/06/2018 | 14/01/2017 | Hard Covered Materials | ||||||
| MACHAKOS UNIVERSITY LIBRARY | MACHAKOS UNIVERSITY LIBRARY | Technical section | 14/01/2017 | Donation (BFA) | HD 69 .P75M4 2002 | 29913 | 25/06/2018 | 14/01/2017 | Hard Covered Materials | ||||||
| MACHAKOS UNIVERSITY LIBRARY | MACHAKOS UNIVERSITY LIBRARY | Technical section | 14/01/2017 | Donation (BFA) | HD 69 .P75M4 2002 | 29920 | 07/08/2018 | 14/01/2017 | Hard Covered Materials | ||||||
| MACHAKOS UNIVERSITY LIBRARY | MACHAKOS UNIVERSITY LIBRARY | Open shelf | 14/01/2017 | Donation (BFA) | HD 69 .P75M4 2002 | 29921 | 14/01/2017 | 14/01/2017 | Hard Covered Materials | ||||||
| MACHAKOS UNIVERSITY LIBRARY | MACHAKOS UNIVERSITY LIBRARY | Technical section | 14/01/2017 | Donation (BFA) | HD 69 .P75M4 2002 | 29911 | 14/01/2017 | 14/01/2017 | Hard Covered Materials | ||||||
| MACHAKOS UNIVERSITY LIBRARY | MACHAKOS UNIVERSITY LIBRARY | Technical section | 14/01/2017 | Donation (BFA) | HD 69 .P75M4 2002 | 29964 | 14/01/2017 | 14/01/2017 | Hard Covered Materials | ||||||
| MACHAKOS UNIVERSITY LIBRARY | MACHAKOS UNIVERSITY LIBRARY | Open shelf | 14/01/2017 | Donation (BFA) | HD 69 .P75M4 2002 | 29965 | 14/01/2017 | 14/01/2017 | Hard Covered Materials | ||||||
| MACHAKOS UNIVERSITY LIBRARY | MACHAKOS UNIVERSITY LIBRARY | Technical section | 14/01/2017 | Donation (BFA) | HD 69 .P75M4 2002 | 29962 | 25/06/2018 | 14/01/2017 | Hard Covered Materials | ||||||
| MACHAKOS UNIVERSITY LIBRARY | MACHAKOS UNIVERSITY LIBRARY | Technical section | 14/01/2017 | Donation (BFA) | HD 69 .P75M4 2002 | 29961 | 25/06/2018 | 14/01/2017 | Hard Covered Materials | ||||||
| MACHAKOS UNIVERSITY LIBRARY | MACHAKOS UNIVERSITY LIBRARY | Open shelf | 14/01/2017 | Donation (BFA) | HD 69 .P75M4 2002 | 29963 | 14/01/2017 | 14/01/2017 | Hard Covered Materials | ||||||
| MACHAKOS UNIVERSITY LIBRARY | MACHAKOS UNIVERSITY LIBRARY | Technical section | 14/01/2017 | Donation (BFA) | HD 69 .P75M4 2002 | 29966 | 19/07/2018 | 14/01/2017 | Hard Covered Materials | ||||||
| MACHAKOS UNIVERSITY LIBRARY | MACHAKOS UNIVERSITY LIBRARY | Open shelf | 17/01/2017 | Donation(BFA) | HD69 .P75M4 2002 | 30475 | 25/06/2018 | 17/01/2017 | Hard Covered Materials | ||||||
| MACHAKOS UNIVERSITY LIBRARY | MACHAKOS UNIVERSITY LIBRARY | Technical section | 27/01/2017 | Donation(BFA) | HD69 .P75M4 2002 | 29929 | 08/06/2018 | 27/01/2017 | Hard Covered Materials | ||||||
| MACHAKOS UNIVERSITY LIBRARY | MACHAKOS UNIVERSITY LIBRARY | Open shelf | 27/01/2017 | Donation(BFA) | HD69 .P75M4 2002 | 29930 | 03/03/2017 | 27/01/2017 | Hard Covered Materials | ||||||
| MACHAKOS UNIVERSITY LIBRARY | MACHAKOS UNIVERSITY LIBRARY | Open shelf | 27/01/2017 | Donation(BFA) | HD69 .P75M4 2002 | 29931 | 15/02/2017 | 27/01/2017 | Hard Covered Materials |